The logic of the oder neisse frontier /
Guardado en:
| Autor Principal: | |
|---|---|
| Formato: | Libro |
| Idioma: | English |
| Publicado: |
Poznán, Warzawa :
Wydawnictwo Zachodnie,
1959.
|
| Etiquetas: |
Agregar Etiqueta
Sin Etiquetas, Sea el primero en etiquetar este registro!
|
| LEADER | 00436nam a22001455a 4500 | ||
|---|---|---|---|
| 001 | EUN.um045708 | ||
| 003 | AR-BaUNS | ||
| 005 | 20050623122914.0 | ||
| 008 | 041125s1959####xx############000#0#eng#d | ||
| 245 | 1 | 4 | |a The logic of the oder neisse frontier / |c Jozef Kokot. |
| 260 | |a Poznán, Warzawa : |b Wydawnictwo Zachodnie, |c 1959. | ||
| 300 | |a 280 p. | ||
| 100 | 1 | |a Kokot, Jozef. | |
| 082 | 0 | 4 | |a 943.8 |
| 859 | |a Ar-BaUNS |b BIB. CENTRAL - Sector C |h 943.8 |i K829 |p 36/962 | ||
